Wszyscy bogowie zabici przez Kratosa - Statystyki

Ogólne statystyki
  • Ten quiz został rozwiązany 121 razy
  • Średni wynik to 11 z 19
Statystyki odpowiedzi
Hint Odpowiedź % Poprawnych
Król wszystkich bogów Zeus
97%
Bóg Wojny Ares
92%
Bóg mórz i oceanów Posejdon
92%
Bóg świata zmarłych Hades
91%
Bogini mądrości i sztuki Atena
79%
Tytan, zjadał swe dzieci Kronos
72%
Matka Ziemia Gaja
70%
Półbóg siły, syn Zeusa i Alkmeny Herkules
69%
Bóg dróg i podróżnych Hermes
66%
Bóg ognia Hefajstos
64%
Bogini niebos i płodności Hera
63%
Bóg słońca Helios
61%
Bóg światła Baldur
54%
Syn Thora i brat Modiego Magni
54%
Bogini świata zmarłych Persefona
44%
Bóg śmierci Tanatos
38%
Bogini zemsty Erynie
13%
Bóg przewidywania Hajmdall
10%
Służka bogini Frigg Gna
7%
Nie znaleziono quizów pasujących do podanych kryteriów
Rozkład punktacji
Procent ludzi z każdym wynikiem
Percentyl według liczby udzielonych odpowiedzi
Twoja historia wyników
Nie rozwiązałeś tego quizu